Yhdistä satunnaiset Euroopan kaupungit ja valtiot - Statistics

Yleistilastot
  • Tätä visaa on pelattu 2 265 kertaa
  • Keskiarvotulos 14 / 20
Vastaustilastot
kaupunki valtio % Oikein
Barcelona Espanja
98%
Madrid Espanja
98%
Pariisi Ranska
98%
Frankfurt Saksa
98%
Málaga Espanja
97%
Rooma Italia
97%
Tallinna Viro
97%
Reykjavik Islanti
96%
Napoli Italia
96%
Venetsia Italia
96%
Ateena Kreikka
96%
Vilna Liettua
96%
München Saksa
96%
Bryssel Belgia
95%
Wien Itävalta
95%
Varsova Puola
95%
Helsinki Suomi
95%
Kööpenhamina Tanska
95%
Praha Tšekki
95%
Istanbul Turkki
95%
Liverpool Yhdistynyt kuningaskunta
95%
Andorra la Vella Andorra
94%
Lissabon Portugali
94%
Malmö Ruotsi
94%
Tukholma Ruotsi
93%
Düsseldorf Saksa
93%
Kiova Ukraina
93%
Pietari Venäjä
93%
Lontoo Yhdistynyt kuningaskunta
93%
Amsterdam Alankomaat
92%
Sofia Bulgaria
92%
Riika Latvia
92%
Oslo Norja
92%
Krakova Puola
92%
Göteborg Ruotsi
92%
Berliini Saksa
92%
Hampuri Saksa
92%
Bern Sveitsi
92%
Rotterdam Alankomaat
91%
Milano Italia
91%
Köln Saksa
91%
Moskova Venäjä
91%
Edinburgh Yhdistynyt kuningaskunta
91%
Uppsala Ruotsi
90%
Budapest Unkari
90%
Manchester Yhdistynyt kuningaskunta
90%
Palma de Mallorca Espanja
89%
Sevilla Espanja
89%
Saarbrücken Saksa
89%
Dublin Irlanti
88%
Palermo Italia
88%
Bukarest Romania
88%
Helsingborg Ruotsi
88%
Zürich Sveitsi
88%
Pärnu Viro
88%
Nizza Ranska
87%
Minsk Valko-Venäjä
87%
Valencia Espanja
86%
Bremen Saksa
86%
Bratislava Slovakia
86%
Ljubljana Slovenia
86%
Kaliningrad Venäjä
86%
Brighton Yhdistynyt kuningaskunta
86%
Newcastle Yhdistynyt kuningaskunta
86%
Nottingham Yhdistynyt kuningaskunta
86%
Zagreb Kroatia
85%
Lyon Ranska
85%
Stuttgart Saksa
85%
Southampton Yhdistynyt kuningaskunta
85%
Alicante Espanja
84%
Leipzig Saksa
84%
Nürnberg Saksa
84%
Helsingør Tanska
84%
Birmingham Yhdistynyt kuningaskunta
84%
Firenze Italia
83%
Torino Italia
83%
Verona Italia
83%
Trondheim Norja
83%
Nižni Novgorod Venäjä
83%
Tromssa Norja
82%
Porto Portugali
82%
Gdańsk Puola
82%
Marseille Ranska
82%
Glasgow Yhdistynyt kuningaskunta
82%
Salzburg Itävalta
81%
Bergen Norja
81%
Wrocław Puola
81%
Geneve Sveitsi
81%
Leeds Yhdistynyt kuningaskunta
81%
Sarajevo Bosnia
80%
Valletta Malta
80%
Bordeaux Ranska
80%
Toulouse Ranska
80%
Volgograd Venäjä
80%
Bologna Italia
79%
Hannover Saksa
79%
Cardiff Yhdistynyt kuningaskunta
79%
Monte Carlo Monaco
78%
Donetsk Ukraina
78%
Tartto Viro
77%
Sheffield Yhdistynyt kuningaskunta
77%
Tirana Albania
76%
Vaduz Liechtenstein
76%
Braunschweig Saksa
76%
Leicester Yhdistynyt kuningaskunta
76%
Bilbao Espanja
75%
Genova Italia
75%
Toulon Ranska
75%
Augsburg Saksa
75%
Harkova Ukraina
75%
Kingston-upon-Hull Yhdistynyt kuningaskunta
75%
Montpellier Ranska
74%
Aalborg Tanska
74%
Aarhus Tanska
74%
Mariupol Ukraina
74%
Antwerpen Belgia
73%
Belgrad Serbia
73%
Basel Sveitsi
73%
Bournemouth Yhdistynyt kuningaskunta
73%
Middlesbrough Yhdistynyt kuningaskunta
73%
Haag Alankomaat
72%
Nantes Ranska
72%
Saint Étienne Ranska
72%
Dresden Saksa
72%
Lviv Ukraina
72%
Belfast Yhdistynyt kuningaskunta
72%
Lille Ranska
71%
Tours Ranska
71%
Bristol Yhdistynyt kuningaskunta
71%
Pristina Kosovo
70%
Chișinău Moldova
70%
Poznań Puola
70%
Rennes Ranska
70%
Odessa Ukraina
70%
Jaroslavl Venäjä
70%
Thessaloniki Kreikka
69%
Skopje Pohjois-Makedonia
69%
Clermont-Ferrand Ranska
69%
Strasbourg Ranska
69%
Zaporižžja Ukraina
69%
Kazan Venäjä
69%
Narva Viro
69%
Maastricht Alankomaat
68%
Eindhoven Alankomaat
67%
Luhansk Ukraina
67%
Bergamo Italia
66%
Szczecin Puola
66%
Bydgoszcz Puola
65%
Łódź Puola
64%
Rouen Ranska
64%
Mannheim Saksa
64%
Ivanovo Venäjä
64%
Donin Rostov Venäjä
64%
Granada Espanja
63%
Lausanne Sveitsi
63%
Mykolajiv Ukraina
63%
Stavropol Venäjä
63%
Swansea Yhdistynyt kuningaskunta
63%
Utrecht Alankomaat
62%
Haarlem Alankomaat
61%
Podgorica Montenegro
61%
Bielefeld Saksa
61%
Lugano Sveitsi
61%
Luzern Sveitsi
61%
Brno Tšekki
61%
Stoke-on-Trent Yhdistynyt kuningaskunta
61%
Kursk Venäjä
59%
St. Gallen Sveitsi
58%
Odense Tanska
58%
Kirov Venäjä
58%
Krasnodar Venäjä
58%
Murcia Espanja
57%
Cagliari Italia
57%
Catania Italia
57%
Dnipro Ukraina
57%
Montreux Sveitsi
56%
Ostrava Tšekki
56%
Vinnytsja Ukraina
56%
Ufa Venäjä
56%
Groningen Alankomaat
55%
Liège Belgia
55%
Karlsruhe Saksa
55%
Taranto Italia
54%
Grenoble Ranska
54%
Iževsk Venäjä
54%
Bari Italia
53%
Tšeboksary Venäjä
53%
Saratov Venäjä
53%
Valladolid Espanja
52%
Zaragoza Espanja
52%
Patras Kreikka
52%
Belgorod Venäjä
52%
Samara Venäjä
52%
Aachen Saksa
51%
Brescia Italia
49%
Voronež Venäjä
49%
Varna Bulgaria
48%
Ghent Belgia
47%
Linz Itävalta
47%
Lipetsk Venäjä
47%
Metz Ranska
44%
Astrahan Venäjä
43%
Toljatti Venäjä
43%
Kryvyi Rih Ukraina
42%
Charleroi Belgia
41%
Tver Venäjä
41%
Iaşi Romania
39%
Padova Italia
38%
Perm Venäjä
38%
Constanţa Romania
37%
Kecskemét Unkari
35%
Vigo Espanja
34%
Eger Unkari
34%
Debrecen Unkari
32%
Rjazan Venäjä
32%
Plovdiv Bulgaria
31%
Pécs Unkari
31%
Szeged Unkari
31%
Lublin Puola
30%
Penza Venäjä
30%
Tula Venäjä
29%
Gomel Valko-Venäjä
25%
Orenburg Venäjä
23%
Ehtoja vastaavia visoja ei löytynyt
Tulosjakauma
Jokaisen tuloksen saaneiden osuus
Persentiili vastausten määrän mukaan
Tuloshistoriasi
Et ole pelannut tätä visaa